000
00274nam a2200121Ia 4500
008
231129s9999||||xx |||||||||||||| ||spa||
040
_b
spa
082
_a
Co863 N322j
100
_a
Navarro Lince Humberto
245
0
_a
Juego de espejos
264
_a
s.n
942
_2
ddc
_c
BKS
999
_c
16226
_d
16226